01728nam a2200445 i 450000100060000000300090000600500170001500800390003201500180007103500230008903500360011203500140014803500210016203500230018303500440020604000280025004600090027808000120028708000120029910000470031124502480035826000800060630000380068633600270072433700540075133800280080538000160083338000270084938800140087638800140089050400360090465000250094065000120096565500550097765800280103270000390106071000330109971000520113285600980118447063KOSZ 00520200624111126.0200408s1978 pl a f 000 0 pol aUWD 1978/9900 a991019030419705066 a(PL-WaBN)b15154993-48omnis_nlop ab15154993 a(OCoLC)830338019 a(PL)b0000001515499 a(EXLNZ-48OMNIS_NETWORK)9910453573405606 aWA NcWA NdKOSZ 005/RW k1978 a621.317 a(075.8) aBielański, Konstantyd(1910-1994)eAutor10aLaboratorium miernictwa elektrycznego.nCz. 2,pLaboratorium metrologii elektrycznej i elektronicznej : skrypt dla wydziału elektrycznego /cK. Bielański [et al.] ; [recenzent : prof. Mieczysław Pluciński] ; Politechnika Częstochowska. aCzęstochowa :bPolitechnika Częstochowska. Wydział Elektryczny,c1978. a177 stron :bilustracje ;c24 cm. aTekstbtxt2rdacontent aBez urządzenia pośredniczącegobn2rdamedia aWoluminbnc2rdacarrier aKsiążki aPublikacje dydaktyczne a1901-2000 a1945-1989 aBibliografia przy rozdziałach. 7aElektrotechnika2DBN 7aPomiary 7aĆwiczenia i zadania dla szkół wyższych2DBN aInżynieria i technika1 aPluciński, MieczysławeRecenzja2 aPolitechnika Częstochowska2 aWydawnictwo Politechniki Częstochowskiej4pbl uhttp://koha.tu.koszalin.pl/cgi-bin/koha/opac-detail.pl?biblionumber=47063yKatalog online BPK